000 00445nam a2200169 a 4500
001 0000-8874
003 ELIB.Books
008 110520 1987
035 _a(ELIB.Books)0000-9021
082 _aB
_bAnd
100 _aAnderson, Courtney
245 _aTo the Golden Shore: the life of Adoniram Judson
260 _bValley Forge: Judson Press
_c1987
650 _aBiography
942 _2ddc
_cBK
998 _cbat
_e2011-05-20
999 _c8874
_d8874